Metodológia a aplikácie SVAR modelov diplomová práca

Guardado en:
Detalles Bibliográficos
Autor principal: Žuchovská, Lenka
Autor Corporativo: Fakulta hospodárskej informatiky EU. Katedra operačného výskumu a ekonometrie
Otros Autores: Lukáčik, Martin, 1974-
Formato: Libro
Lenguaje:eslovaco
Publicado: Bratislava 2018
Etiquetas: Agregar Etiqueta
Sin Etiquetas, Sea el primero en etiquetar este registro!

MARC

LEADER 00000nbm a2200000 4500
001 0243604
005 20180917084426.1
041 0 |a slo 
044 |a SK 
245 1 0 |a Metodológia a aplikácie SVAR modelov  |b diplomová práca  |c Lenka Žuchovská ; školiteľ: Martin Lukáčik 
264 1 |a Bratislava  |c 2018 
300 |a 49 s. 
100 1 |a Žuchovská, Lenka 
700 1 |a Lukáčik, Martin, 1974- 
710 2 |a Fakulta hospodárskej informatiky EU. Katedra operačného výskumu a ekonometrie